| 000 | 00921nam a2200289 i 4500 | ||
|---|---|---|---|
| 001 | 000010120 | ||
| 003 | DO-SdBNP | ||
| 005 | 20251120122042.0 | ||
| 007 | ta | ||
| 008 | 091005t1972 dr 001 p spa d | ||
| 040 |
_aDO-SdBNP _bspa _cBNPHU _erda |
||
| 041 | _aspa | ||
| 082 | 4 |
_aRD861.44 _bC957t 1972 _222 |
|
| 100 | 1 |
_aCruz, Francisco Antonio _eautor _924898 _4aut. |
|
| 245 | 1 | 4 |
_aLos testamentos infinitos : _bsegunda entrega / _cFrancisco Antonio Cruz. |
| 250 | _aSegunda edición | ||
| 264 |
_aSanto Domingo, D. N., República Dominicana : _bEditora Oliva, _c1972. |
||
| 300 |
_a69 páginas ; _c21 cm. |
||
| 336 |
_ardacontent _btexto _2txt |
||
| 337 |
_ardamedia _bsin mediación _2n |
||
| 338 |
_ardacarrier _bvolumen _2nc |
||
| 590 | _aInventariado, 2018/BT | ||
| 650 | 0 |
_aPoesía dominicana _966 |
|
| 650 | 0 |
_aLiteratura dominicana. _967 |
|
| 910 | _aValidado. Control de calidad. EMS | ||
| 942 |
_2ddc _cLBS1 |
||
| 999 |
_c9879 _d9879 |
||